Culture G01 - Statistiques

Statistiques générales
  • Ce quiz a été pris 55 fois
  • Le résultat moyen est 14 sur 20
Statistiques - réponses
Question Réponse % Correct
Combien de côtés a un octogone ? 8
98%
Combien de couleurs y a-t-il dans un arc-en-ciel ? 7
96%
Quel fruit est aussi appelé 'fruit défendu' dans la Bible ? Pomme
96%
En quelle année est tombé le mur de Berlin ? 1989
94%
Quel est le plus petit pays du monde ? Vatican
92%
Quelle planète est la plus éloignée du Soleil ? Neptune
76%
Quel est le seul métal liquide à température ambiante ? Mercure
74%
Dans quel pays se trouve la ville de Petra ? Jordanie
72%
Dans quelle ville se trouve le musée du Prado ? Madrid
72%
Quel est le pays qui a inventé le papier-monnaie ? Chine
70%
Qui a inventé l’imprimerie en Europe ? Gutenberg
70%
Quel est l’organe responsable de la production d’insuline ? Pancréas
68%
Quel artiste est célèbre pour avoir peint des montres molles ? Salvador Dalí
68%
Quel est l’auteur de 1984 ? George Orwell
66%
Quel est le nom scientifique de l’homme moderne ? Homo sapiens
62%
Quel est le nom du cowboy dans Toy Story ? Woody
54%
Quel est l’élément chimique dont le symbole est 'Se? Sélénium
50%
Quel écrivain français a refusé le prix Nobel de littérature en 1964 ? Jean-Paul Sartre
38%
Quelle créature mythique est mi-aigle, mi-lion ? Le griffon
28%
Quel scientifique a découvert la radioactivité naturelle ? Henri Becquerel
24%
Aucun quiz correspondant
Distribution des résultats
% des personnes avec chaque résultat
Percentile par nombre de réponses
Votre historique - résultats
Vous n’avez pas pris ce quiz